000 00476nam a2200181 4500
001 44781
090 _a44781
100 _a20250918 pory50
101 _apor
_ait
102 _aPT
200 _aFlorença e a Galeria dos Ofícios
_farg. Laura Allievi
_gfot. Maximiliano Gati
210 _aItália
_cFesta do Cinema Italiano.com
_d2015
215 _a1 DVD
225 _aA grande arte no Cinema
_v1
300 _aM/12 95 m
675 _a7
801 _aPT
_gRPC
990 _cFILMES DVD